000 01446cam a2200193 4500
001 ##L131946
008 051219n2005 000 0 eng u
035 _a(Sirsi) u131946
041 0 _aeng
050 0 4 _a332.6324 $2 18
110 1 _aUnited Kingdom
_bHM Revenue and Customs
_94833
245 0 0 _aUK Real Estate Investment Trusts (UK-REITs)
260 _aLondon
_bHMRC
_c2005
520 _aDraft legislation to enable the creation of UK-REITs. This will provide the basis for liquid and publicly available property investment vehicles accessible to a wide range of investors, contributing to the wider government objectives for raising productivity in the commercial property sector. UK REITs will also encourage increased institutional and professional investment to support the private rented sector. The documentation contains a summary of the key structural features of a UK-REIT, draft legislation with explanatory notes, an updated regulatory impact assessment and concludes with a summary of responses to "UK Real Estate Investment Trusts: a discussion paper" (L129093), the Budget 2005 consultation. Comments on the proposed legislation are required by the 27 January 2006.
590 _aIKA030106
690 _aPROPERTY-COMMERCIAL PROPERTY-COMMERCIAL PROPERTY FINANCE AND INVESTMENT
856 4 0 _uhttps://www.hmrc.gov.uk/drafts/estate-investment.htm
_zView the draft legislation free of charge at www.hmrc.gov.uk...
942 _n0
999 _c104916
_d104916